[Event "Berlin Lieb Memorial 5th"]
[Site "Berlin"]
[Date "2019.06.14"]
[Round "6"]
[White "Bede, Maxime"]
[Black "Doering, Martin"]
[Result "1/2-1/2"]
[WhiteElo "1528"]
[BlackElo "1818"]
[PlyCount "55"]
[EventDate "2019.05.03"]
[EventType "swiss"]
[EventRounds "7"]
[EventCountry "GER"]
[SourceTitle "EXT 2020"]
[Source "ChessBase"]
[SourceDate "2019.10.17"]
[SourceVersion "1"]
[SourceVersionDate "2019.10.17"]
[SourceQuality "1"]

1. e4 g6 2. d4 Bg7 3. c4 c5 4. d5 d6 5. Nc3 Nf6 6. Bd3 0-0 7. f4 Nfd7 8. Nf3 e5 9. Nb5 Qb6 10. Rb1 a6 11. Nc3 exf4 12. Bxf4 f6 13. 0-0 Ne5 14. Nxe5 fxe5 15. Bg5 Qc7 16. Rxf8+ Kxf8 17. Qf3+ Kg8 18. Rf1 b6 19. Bf6 Ra7 20. Na4 Rb7 21. Bxg7 Qxg7 22. Qf6 Qxf6 23. Rxf6 b5 24. cxb5 axb5 25. Nc3 c4 26. Be2 Bd7 27. h3 Kg7 28. Rf3 1/2-1/2

[Event "Berlin Lieb Memorial 5th"]
[Site "Berlin"]
[Date "2019.05.17"]
[Round "3"]
[White "Moewisch, Dave"]
[Black "Bede, Maxime"]
[Result "0-1"]
[WhiteElo "1923"]
[BlackElo "1528"]
[PlyCount "90"]
[EventDate "2019.05.03"]
[EventType "swiss"]
[EventRounds "7"]
[EventCountry "GER"]
[SourceTitle "EXT 2020"]
[Source "ChessBase"]
[SourceDate "2019.10.17"]
[SourceVersion "1"]
[SourceVersionDate "2019.10.17"]
[SourceQuality "1"]

1. e4 c5 2. Nf3 Nc6 3. d4 cxd4 4. Nxd4 Nf6 5. Nc3 e5 6. Ndb5 d6 7. Bg5 a6 8. Na3 b5 9. Nd5 Be7 10. Bxf6 Bxf6 11. c3 Bg5 12. h4 Bxh4 13. Qh5 Bg5 14. Nc2 Be6 15. Nc7+ Qxc7 16. Qxg5 f6 17. Qh4 Na5 18. Ne3 Nc4 19. Bxc4 Bxc4 20. Nf5 Be6 21. g4 Bxf5 22. gxf5 Qf7 23. 0-0-0 0-0-0 24. Rd5 Kb7 25. Rhd1 Qc7 26. Kb1 Qb6 27. Qg3 Rd7 28. Qd3 Kc7 29. c4 bxc4 30. Qxc4+ Qc6 31. Qd3 Qb6 32. Rc1+ Kb7 33. Rc3 Qxf2 34. Rxd6 Rxd6 35. Qxd6 Qe1+ 36. Rc1 Qa5 37. Qd7+ Kb8 38. Rc3 Ka8 39. Qc6+ Ka7 40. Rd3 Rd8 41. Rd7+ Rxd7 42. Qxd7+ Kb8 43. Qxg7 Qe1+ 44. Kc2 Qxe4+ 45. Kb3 Qb7+ 0-1